| 000 | 01213nam a22003257a 4500 | ||
|---|---|---|---|
| 003 | CHAP | ||
| 005 | 20220329135716.0 | ||
| 008 | 971013s1970 r 00010 d | ||
| 010 | _a40914 | ||
| 011 | _a41886 | ||
| 035 | _a46012 | ||
| 040 | _cCHAP | ||
| 082 |
_a631.4072 _bE5 |
||
| 110 |
_aENA. Departamento de Suelos _936705 |
||
| 245 | _aPrácticas de edafología general | ||
| 260 |
_aChapingo, Méx. : _bENA, _c1970 |
||
| 300 |
_aPag. varía. _b: ilus. |
||
| 590 |
_aBATCH-UPD _b10 _c20130110 _lUCH01 _h1842 |
||
| 590 |
_aCONVERSION _b10 _c20130109 _lUCH01 _h1323 |
||
| 650 | 1 | 4 |
_aSuelos _xManuales de laboratorio. _9110426 |
| 901 | _aBK | ||
| 942 | _cLIBRO | ||
| 949 |
_a631.4072 E5 _bBC _cLIBRO _d-104967 _eLIBRO _fc.2 _h14452 _i46012 _si |
||
| 949 |
_a631.4072 E5 _bBC _cLIBRO _d-104971 _eLIBRO _fc.4 _h14582 _i46012 _si |
||
| 949 |
_a631.4072 E5 _bBC _cLIBRO _d-104975 _eLIBRO _fc.7 _h15430 _i46012 _si |
||
| 949 |
_a631.4072 E5 _bBC _cLIBRO _d33724000065868 _eLIBRO _fc.3 _h14581 _i46012 _si |
||
| 949 |
_a631.4072 E5 _bBC _cLIBRO _d33724000065884 _eLIBRO _h14451 _i46012 _si |
||
| 949 |
_a631.4072 E5 _bBC _cLIBRO _d33724000066007 _eLIBRO _fc.6 _h14584 _i46012 _si |
||
| 949 |
_a631.4072 E5 _bBC _cUACH _d-104973 _eUACH _fc.5 _h14583 _i46012 _si |
||
| 999 |
_c40914 _d40914 |
||